Bài giảng hệ sinh thái rừng ngập mặn
Bìa giảng trình bày sự phân bố rừng ngập mặn và các diện sinh thái, các nhân tố môi trường tác động đến sự sinh trưởng và phân bố rừng ngập mặn Việt Nam, năng suất của rừng ngập mặn,......
Đã lưu trong:
| Príomhúdar: | |
|---|---|
| Formáid: | Leabhar |
| Teanga: | Undetermined |
| Foilsithe: |
Cần Thơ
Trường Đại Học Cần Thơ
2000
|
| Ábhair: | |
| Clibeanna: |
Cuir Clib Leis
Gan Chlibeanna, Bí ar an gcéad duine leis an taifead seo a chlibeáil!
|
| Thư viện lưu trữ: | Trung tâm Học liệu Trường Đại học Cần Thơ |
|---|
| LEADER | 00916nam a2200193Ia 4500 | ||
|---|---|---|---|
| 001 | CTU_38455 | ||
| 008 | 210402s9999 xx 000 0 und d | ||
| 082 | |a 577.3 | ||
| 082 | |b Ng100 | ||
| 100 | |a Trương, Thị Nga | ||
| 245 | 0 | |a Bài giảng hệ sinh thái rừng ngập mặn | |
| 245 | 0 | |c Trương Thị Nga | |
| 260 | |a Cần Thơ | ||
| 260 | |b Trường Đại Học Cần Thơ | ||
| 260 | |c 2000 | ||
| 520 | |a Bìa giảng trình bày sự phân bố rừng ngập mặn và các diện sinh thái, các nhân tố môi trường tác động đến sự sinh trưởng và phân bố rừng ngập mặn Việt Nam, năng suất của rừng ngập mặn,... | ||
| 650 | |a Environmental protection,Forest ecology,Forest plants,Mangrove swamps | ||
| 904 | |i Minh | ||
| 980 | |a Trung tâm Học liệu Trường Đại học Cần Thơ | ||